000 00495cam a22002054a 4500
005 20250605164321.0
008 250528s ||||||||||||||||||||||||d
035 _a22922
020 _a9780273695592
040 _aGR-AtMCL
_bgre
_dGR-AtMCL
_eAACR2
245 1 _aPRINCIPLES OF MARKETING
250 _a4
260 _bPrentice Hall,
_c2006
300 _a1264
700 1 _aBrassington Frances
_91768
700 1 _aPettitt Stephen
_91769
942 _cBK
999 _c7965
_d7965